The Joel Embiid Quiz - Statistics

General Stats
  • This quiz has been taken 961 times
  • The average score is 9 of 13
Answer Stats
Answer % Correct
Years Sat Out 2
96%
Position Center
92%
Year Drafted 2014
91%
Number Picked At 3
90%
Points Scored in First Game 20
88%
Number 21
88%
Nickname The Process
79%
Reason For Sitting Out Injury
63%
College Kansas
60%
Compared To Hakeem Olajuwon
51%
Full Name Joel Hans Embiid
37%
Favorite Drink Shirley Temple
19%
Says He Wants To Be A Point Guard
9%
No matching quizzes found
Score Distribution
Percent of People with Each Score
Percentile by Number Answered
Your Score History
You have not taken this quiz